000 00439nam a22001817a 4500
003 MPLRDC
005 20220104142852.0
008 210129b ||||| |||| 00| 0 eng d
082 _a490.7 YTS
100 _a伊藤肇
245 _a圣贤经营理念
_c周君铨编译
250 _a初版
260 _a
_b大世纪出版公司
_c1981
300 _b
490 _a监金知今
650 _a商学总论
942 _cBK
_o490.7 YTS
999 _c34377
_d34367